00669cam a22002171 4500001001300000003000400013005001700017008004100034010001700075035002000092040003800112042001200150050001900162100002500181245004400206260003600250300002400286500004400310505008200354999001500436af 47005261 DLC20260227110830.0870305s1944 gw 000 0 ger c aaf 47005261  a(OCoLC)15275268 aCincinnati. Univ. Libr.cTNJdDLC apremarc00aPT2607.E33bD61 aDehnert, Max,d1893-14aDie dominante und andere erzählungen. aLeipzig,bH. H. Kreiselc[1944] a168, [2] p.c18 cm. a"Zweite auflage: 8.-17. tausend, 1944."0 aDie dominante.--Dame in Trauer.--An der grenze.--Die schwankung der ekliptik. c3022d3022